000
00456nam a2200145Ia 4500
008
090124s9999 xx 000 0 und d
082
_b
401554
245
_a
पाखरवाडीतील चोर
250
_a
1
260
_b
देशपांडे दिनकर नीलकंठ
_c
1983
300
_a
44
630
_a
पाखरवाडीतील चोर
730
_a
पाखरवाडीतील चोर
942
_c
BOOK
999
_c
197938
_d
197938